200 Biggest Cities in Germany - Statistics

General Stats
  • This quiz has been taken 148 times
  • The average score is 105 of 200
Answer Stats
Hint Answer % Correct
3,669,491 Berlin
98%
763,380 Frankfurt am Main
98%
57.751 Frankfurt (Oder)
98%
1,847,253 Hamburg
98%
1,484,226 Munich
98%
1,087,863 Cologne
97%
567,559 Bremen
96%
556,780 Dresden
96%
593,145 Leipzig
96%
518,370 Nuremburg
96%
588,250 Dortmund
95%
536,925 Hanover
95%
329,673 Bonn
94%
621,877 Düsseldorf
94%
582,760 Essen
94%
635,911 Stuttgart
94%
248,960 Aachen
91%
296,582 Augsburg
88%
334,195 Bielefeld
88%
246,794 Kiel
88%
218,578 Mainz
88%
180,374 Saarbrücken
88%
126.790 Ulm
88%
231,195 Freiburg im Breisgau
87%
209,191 Rostock
87%
498,686 Duisburg
86%
237,565 Magdeburg
86%
310,658 Mannheim
86%
365,587 Bochum
85%
180,334 Potsdam
85%
246,334 Chemnitz
84%
312,060 Karlsruhe
84%
216,530 Lübeck
84%
315,293 Münster
84%
153.094 Regensburg
84%
213,981 Erfurt
83%
111.343 Jena
83%
202,137 Kassel
83%
111.846 Bergisch Gladbach
82%
249,406 Braunschweig
81%
159.878 Darmstadt
80%
161.485 Heidelberg
80%
278,474 Wiesbaden
80%
355,100 Wuppertal
80%
238,762 Halle (Saale)
79%
113.643 Bremerhaven
78%
261,034 Mönchengladbach
78%
111.528 Trier
78%
99.678 Cottbus
77%
259,645 Gelsenkirchen
77%
163.729 Leverkusen
77%
169,077 Oldenburg
77%
90.164 Flensburg
76%
54.708 Lingen (Ems)
76%
95.653 Schwerin
76%
114.052 Koblenz
74%
165,251 Osnabrück
74%
127.934 Würzburg
74%
93.125 Gera
73%
118.911 Göttingen
73%
72.184 Brandenbrug an der Havel
71%
151.633 Paderborn
71%
128.497 Fürth
70%
84.911 Konstanz
70%
88.690 Zwickau
70%
100.030 Kaiserslautern
68%
172,253 Ludwigshafen am Rhein
68%
210,764 Oberhausen
68%
112.528 Erlangen
66%
227,417 Krefeld
66%
125.957 Pforzheim
65%
130.280 Offenbach am Main
64%
117.565 Bottrop
63%
96.492 Hanau
63%
170,632 Mülheim an der Ruhr
63%
159.245 Solingen
63%
179,916 Hamm
62%
126.592 Heilbronn
62%
52.803 Passau
62%
83.542 Worms
62%
55.185 Baden-Baden
61%
153.896 Neuss
61%
102.770 Siegen
61%
91.506 Tübingen
61%
89.802 Gießen
60%
101.693 Hildesheim
60%
188,686 Hagen
59%
111.397 Recklinghausen
59%
65.228 Weimar
59%
96.459 Witten
59%
77.373 Bamberg
57%
68.635 Fulda
57%
115.865 Reutlingen
57%
156.449 Herne
56%
93.584 Ludwigsburg
56%
103.902 Moers
55%
74.783 Bayreuth
54%
104.291 Salzgitter
54%
76.089 Wilhelmshaven
54%
71.002 Aschaffenburg
53%
75.711 Lüneburg
53%
91.216 Düren
52%
59.418 Stralsund
52%
100.861 Gütersloh
51%
92.174 Iserlohn
51%
111.338 Remscheid
51%
85.707 Villingen-Schweinningen
49%
59.232 Greifswald
48%
77.129 Marburg
48%
84.067 Marl
48%
69.540 Celle
47%
94.145 Esslingen am Neckar
47%
55.980 Görlitz
47%
86.348 Lünen
46%
81.716 Minden
46%
63.761 Neubrandenburg
46%
87.520 Ratingen
46%
54.227 Bad Homburg von der Höhe
45%
73.411 Landshut
44%
80.196 Neumünster
44%
53.426 Schweinfurt
44%
49.913 Emden
41%
61.283 Friedrichshafen
40%
63.551 Rosenheim
40%
64.597 Plauen
38%
50.554 Goslar
36%
58.978 Neu-Ulm
36%
59.967 Offenburg
36%
50.897 Ravensburg
36%
69.151 Kempten (Ällgäu)
35%
50.561 Speyer
35%
58.936 Unna
34%
74.254 Detmold
33%
57.434 Hammeln
33%
53.264 Neustadt an der Weinstraße
33%
76.218 Rheine
33%
61.137 Schwäbisch Gmund
33%
77.102 Viersen
33%
68.393 Aalen
32%
52.503 Ahlen
32%
52.388 Kleve
32%
72.313 Lüdenscheid
32%
81.842 Velbert
31%
52.955 Wetzlar
31%
60.230 Wesel
29%
73.343 Castrop-Rauxel
28%
58.381 Euskirchen
28%
53.711 Nordhorn
28%
77.559 Delmenhorst
27%
74.953 Troisdorf
27%
71.113 Bocholt
26%
80.103 Dessau-Roßlau
26%
57.813 Göppingen
26%
73.456 Arnsberg
24%
50.161 Böblingen
24%
74.704 Dorsten
24%
49.573 Heidenheim an der Brenz
24%
79.357 Norderstedt
24%
64.340 Dormagen
23%
75.610 Gladbeck
23%
52.165 Wolfenbüttel
23%
66.638 Herford
22%
67.952 Lippstadt
22%
49.291 Lörrach
22%
49.990 Peine
22%
61.601 Bergheim
21%
67.373 Dinslaken
21%
50.952 Gummersbach
21%
59.731 Hürth
21%
64.765 Neuwied
21%
49.918 Rastatt
21%
52.439 Frechen
20%
54.438 Hattingen
20%
51.170 Bad Kreuznach
19%
55.625 Hilden
19%
66.702 Kerpen
19%
59.178 Langenfeld (Rheinland)
19%
48.762 Frankenthal (Pfalz)
18%
63.743 Grevenbroich
18%
51.822 Ibbenbüren
18%
64.905 Sindelfingen
18%
56.466 Stolberg (Rheinland)
18%
61.032 Garbsen
17%
56.415 Meerbusch
17%
54.194 Pulheim
17%
55.847 Sankt Augustin
17%
56.482 Eschweiler
15%
50.391 Willich
15%
61.821 Herten
14%
49.983 Elmshorn
13%
50.010 Erftstadt
13%
49.126 Freising
13%
55.604 Waiblingen
13%
54.652 Langenhagen
12%
52.608 Menden (Sauerland)
11%
65.881 Rüsselheim am Main
10%
48.848 Leonberg
7%
137.392 Inglstadt
1%
124.371 Wolsfburg
1%
54.254 Bad Salzufem
0%
No matching quizzes found
Score Distribution
Percent of People with Each Score
Percentile by Number Answered
Your Score History
You have not taken this quiz